[Event "Krasnodar November-B"]
[Site "Krasnodar"]
[Date "2009.11.24"]
[Round "13"]
[White "Frolov, Lev"]
[Black "Chigrinova, Alla"]
[Result "1-0"]
[WhiteElo "1742"]
[BlackElo "1709"]
[PlyCount "65"]
[EventDate "2009.11.15"]
[EventType "tourn"]
[EventRounds "15"]
[EventCountry "RUS"]
[SourceTitle "EXT 2012"]
[Source "ChessBase"]
[SourceDate "2011.11.24"]
[SourceVersion "1"]
[SourceVersionDate "2011.11.24"]
[SourceQuality "1"]

1. d4 Nf6 2. Nf3 e6 3. g3 b6 4. Bg2 Bb7 5. 0-0 Be7 6. c4 d5 7. Nc3 0-0 8. cxd5 exd5 9. Bg5 Nbd7 10. Rc1 Re8 11. Ne5 Nxe5 12. dxe5 Nd7 13. Bxe7 Qxe7 14. Nxd5 Bxd5 15. Qxd5 c5 16. f4 Rad8 17. Rfd1 Nf8 18. Qc6 Rxd1+ 19. Rxd1 Rd8 20. Rxd8 Qxd8 21. Qd6 Qc8 22. Bd5 Ne6 23. Bxe6 fxe6 24. e4 Kf7 25. g4 b5 26. f5 c4 27. a3 h6 28. Kg2 a6 29. Kf3 a5 30. h4 a4 31. h5 Qe8 32. Qc7+ Kf8 33. f6 1-0

[Event "Krasnodar November-B"]
[Site "Krasnodar"]
[Date "2009.11.20"]
[Round "8"]
[White "Chigrinova, Alla"]
[Black "Bondarev, Boris"]
[Result "0-1"]
[WhiteElo "1709"]
[BlackElo "1926"]
[PlyCount "58"]
[EventDate "2009.11.15"]
[EventType "tourn"]
[EventRounds "15"]
[EventCountry "RUS"]
[SourceTitle "EXT 2012"]
[Source "ChessBase"]
[SourceDate "2011.11.24"]
[SourceVersion "1"]
[SourceVersionDate "2011.11.24"]
[SourceQuality "1"]

1. e4 e5 2. Nf3 Nc6 3. Bb5 f5 4. exf5 e4 5. Bxc6 bxc6 6. Ne5 Qf6 7. d4 Bb7 8. 0-0 d6 9. Nc4 Qxf5 10. Ne3 Qf6 11. c3 Nh6 12. Nd2 d5 13. Re1 Bd6 14. Ndf1 0-0 15. Qe2 c5 16. dxc5 Bxc5 17. Ng3 Bd6 18. Rf1 c5 19. Bd2 d4 20. cxd4 cxd4 21. Nc4 Bc7 22. b3 Nf5 23. Nxf5 Qxf5 24. Rae1 Rf6 25. Bc1 Rg6 26. Bb2 Qh3 27. g3 Rh6 28. f3 Bxg3 29. hxg3 Qh1+ 0-1

[Event "Krasnodar November-B"]
[Site "Krasnodar"]
[Date "2009.11.16"]
[Round "2"]
[White "Chigrinova, Alla"]
[Black "Airapetian, Valentin"]
[Result "0-1"]
[WhiteElo "1709"]
[BlackElo "1934"]
[PlyCount "88"]
[EventDate "2009.11.15"]
[EventType "tourn"]
[EventRounds "15"]
[EventCountry "RUS"]
[SourceTitle "EXT 2012"]
[Source "ChessBase"]
[SourceDate "2011.11.24"]
[SourceVersion "1"]
[SourceVersionDate "2011.11.24"]
[SourceQuality "1"]

1. e4 e6 2. d3 d5 3. Nf3 dxe4 4. dxe4 Qxd1+ 5. Kxd1 c5 6. Bb5+ Bd7 7. Bxd7+ Nxd7 8. Ke2 0-0-0 9. c4 Ngf6 10. Nc3 Ng4 11. Bg5 f6 12. Bh4 Nge5 13. Nxe5 Nxe5 14. b3 Be7 15. Rad1 Nc6 16. Rxd8+ Rxd8 17. Rd1 Nd4+ 18. Kf1 g5 19. Bg3 h5 20. h4 g4 21. Bf4 a6 22. g3 b5 23. cxb5 axb5 24. Rc1 Kb7 25. Be3 Kb6 26. Bxd4 cxd4 27. Ne2 e5 28. Ke1 Bb4+ 29. Kd1 Ba3 30. Rb1 Rc8 31. Nc1 Rc3 32. Kd2 Bxc1+ 33. Rxc1 Rf3 34. Rf1 Kc5 35. Ke2 Kb4 36. Rc1 Ka3 37. Rc5 Kxa2 38. Rxb5 Rxb3 39. Rd5 Rb2+ 40. Ke1 Kb3 41. Rd6 Kc3 42. Rxf6 Rb1+ 43. Ke2 d3+ 44. Ke3 Re1# 0-1

[Event "Krasnodar November-B"]
[Site "Krasnodar"]
[Date "2009.11.15"]
[Round "1"]
[White "Sverkunov, Oleg"]
[Black "Chigrinova, Alla"]
[Result "1/2-1/2"]
[WhiteElo "1920"]
[BlackElo "1709"]
[PlyCount "47"]
[EventDate "2009.11.15"]
[EventType "tourn"]
[EventRounds "15"]
[EventCountry "RUS"]
[SourceTitle "EXT 2012"]
[Source "ChessBase"]
[SourceDate "2011.11.24"]
[SourceVersion "1"]
[SourceVersionDate "2011.11.24"]
[SourceQuality "1"]

1. d4 Nf6 2. Bf4 e6 3. Nf3 b6 4. c4 Bb4+ 5. Nc3 Bb7 6. Qc2 Ne4 7. Nd2 Bxc3 8. bxc3 f5 9. e3 0-0 10. Bd3 Nxd2 11. Qxd2 Bxg2 12. Rg1 Bb7 13. Ke2 d6 14. Rg3 Nd7 15. Rag1 Rf7 16. Bg5 Qe8 17. Bh6 g6 18. h4 Nf6 19. Bg5 Nh5 20. Rh3 c5 21. Bf4 Qe7 22. Bg5 Qe8 23. Bf4 Qe7 24. Bg5 1/2-1/2

[Event "Krasnodar November-A"]
[Site "Krasnodar"]
[Date "2009.11.11"]
[Round "6"]
[White "Golub, Sergey"]
[Black "Chigrinova, Alla"]
[Result "1-0"]
[WhiteElo "1882"]
[BlackElo "1709"]
[PlyCount "63"]
[EventDate "2009.11.07"]
[EventType "tourn"]
[EventRounds "9"]
[EventCountry "RUS"]
[SourceTitle "EXT 2012"]
[Source "ChessBase"]
[SourceDate "2011.11.24"]
[SourceVersion "1"]
[SourceVersionDate "2011.11.24"]
[SourceQuality "1"]

1. d4 Nf6 2. c4 e6 3. Nf3 b6 4. Nc3 Bb7 5. Bg5 Be7 6. e3 d6 7. Bd3 d5 8. Bxf6 Bxf6 9. cxd5 exd5 10. Qc2 Nc6 11. Bxh7 Nb4 12. Qa4+ Bc6 13. Qxb4 Rxh7 14. Rc1 Qe7 15. Qb3 Qd7 16. Ne2 Kf8 17. Qc2 Rh6 18. Qxc6 Qxc6 19. Rxc6 Rc8 20. Nf4 Ke7 21. 0-0 Kd7 22. Rfc1 Bg5 23. Rxh6 Bxh6 24. Nxd5 c6 25. Ne5+ Ke6 26. Nxc6 Rxc6 27. Rxc6+ Kxd5 28. Rc7 a5 29. Rxf7 b5 30. f4 Kc4 31. g4 g5 32. h4 1-0

[Event "Krasnodar November-A"]
[Site "Krasnodar"]
[Date "2009.11.08"]
[Round "2"]
[White "Chigrinova, Alla"]
[Black "Sluzhilov, Aleksandr"]
[Result "0-1"]
[WhiteElo "1709"]
[BlackElo "2007"]
[PlyCount "86"]
[EventDate "2009.11.07"]
[EventType "tourn"]
[EventRounds "9"]
[EventCountry "RUS"]
[SourceTitle "EXT 2012"]
[Source "ChessBase"]
[SourceDate "2011.11.24"]
[SourceVersion "1"]
[SourceVersionDate "2011.11.24"]
[SourceQuality "1"]

1. e4 g6 2. Nc3 Bg7 3. g3 e5 4. Bg2 Ne7 5. d3 c6 6. Be3 d5 7. exd5 cxd5 8. d4 Nbc6 9. Nge2 e4 10. 0-0 0-0 11. Qd2 Nf5 12. Na4 Nxe3 13. Qxe3 b6 14. Rad1 Bg4 15. Rfe1 Rc8 16. Nac3 Qd6 17. h3 Bxe2 18. Rxe2 f5 19. Nb5 Qb4 20. Qb3 Qxb3 21. cxb3 a6 22. Nc3 Rfd8 23. Red2 b5 24. a3 Na5 25. b4 Nb3 26. Re2 Bxd4 27. Rc2 Bg7 28. Re1 d4 29. Rd1 dxc3 30. Rxd8+ Rxd8 31. bxc3 Rc8 32. Re2 Rxc3 33. Re1 Bd4 34. Rd1 Rc2 35. Rf1 Nc1 36. Rd1 Nd3 37. Kh2 Rxf2 38. h4 Bb6 39. Rf1 Ra2 40. Kh3 Nf2+ 41. Kh2 Ng4+ 42. Kh3 Rxa3 43. Rc1 Bf2 0-1

[Event "Krasnodar Spring Rating"]
[Site "Krasnodar"]
[Date "2009.04.14"]
[Round "13"]
[White "Savelenko, Arseny"]
[Black "Chigrinova, Alla"]
[Result "1/2-1/2"]
[WhiteElo "2063"]
[BlackElo "1691"]
[PlyCount "31"]
[EventDate "2009.04.02"]
[EventType "tourn"]
[EventRounds "12"]
[EventCountry "RUS"]
[SourceTitle "EXT 2022"]
[Source "ChessBase"]
[SourceDate "2021.10.06"]
[SourceVersion "1"]
[SourceVersionDate "2021.10.06"]
[SourceQuality "1"]

1. e4 c5 2. Nf3 d6 3. d4 cxd4 4. Nxd4 Nf6 5. Nc3 g6 6. Be3 Bg7 7. Qd2 Nc6 8. Bc4 0-0 9. 0-0-0 Bd7 10. f3 Rc8 11. g4 Ne5 12. Bb3 Nc4 13. Bxc4 Rxc4 14. h4 h5 15. g5 Nh7 16. Kb1 1/2-1/2

[Event "Krasnodar Spring Rating"]
[Site "Krasnodar"]
[Date "2009.04.02"]
[Round "6"]
[White "Bondarev, Boris"]
[Black "Chigrinova, Alla"]
[Result "1-0"]
[WhiteElo "2087"]
[BlackElo "1691"]
[PlyCount "99"]
[EventDate "2009.04.02"]
[EventType "tourn"]
[EventRounds "12"]
[EventCountry "RUS"]
[SourceTitle "EXT 2022"]
[Source "ChessBase"]
[SourceDate "2021.10.06"]
[SourceVersion "1"]
[SourceVersionDate "2021.10.06"]
[SourceQuality "1"]

1. e4 e6 2. c4 d5 3. cxd5 exd5 4. exd5 Qxd5 5. Nc3 Qd8 6. Nf3 Nf6 7. Bc4 Bc5 8. d4 Bb6 9. Qe2+ Qe7 10. Qxe7+ Kxe7 11. Bg5 Nbd7 12. 0-0-0 Re8 13. Ne5 h6 14. Bxf6+ Nxf6 15. Bxf7 Rd8 16. Bb3 Rxd4 17. Ng6+ Kd8 18. Rxd4+ Bxd4 19. Rd1 c5 20. Nb5 Bf5 21. Nh4 Bd7 22. Nxd4 cxd4 23. Rxd4 Rc8+ 24. Kd2 Kc7 25. f3 Bb5 26. Nf5 Re8 27. Bc4 Bxc4 28. Rxc4+ Kb6 29. g4 Rd8+ 30. Ke2 Rd7 31. h4 Nd5 32. Rd4 Kc6 33. Re4 a5 34. a4 Nb6 35. b3 Nd5 36. Kf2 Nf6 37. Rc4+ Kb6 38. Kg3 Rd3 39. b4 axb4 40. Rxb4+ Ka6 41. Nxg7 Nd5 42. Re4 Ka5 43. Nf5 Ra3 44. Re5 Rd3 45. Ne7 Kxa4 46. Nxd5 b5 47. g5 hxg5 48. hxg5 b4 49. g6 Rd1 50. Rg5 1-0

[Event "Krasnodar Spring Rating"]
[Site "Krasnodar"]
[Date "2009.04.02"]
[Round "4"]
[White "Frolov, Lev"]
[Black "Chigrinova, Alla"]
[Result "0-1"]
[WhiteElo "1814"]
[BlackElo "1691"]
[PlyCount "110"]
[EventDate "2009.04.02"]
[EventType "tourn"]
[EventRounds "12"]
[EventCountry "RUS"]
[SourceTitle "EXT 2022"]
[Source "ChessBase"]
[SourceDate "2021.10.06"]
[SourceVersion "1"]
[SourceVersionDate "2021.10.06"]
[SourceQuality "1"]

1. d4 Nf6 2. c4 e6 3. Nf3 b6 4. a3 Bb7 5. Nc3 Be7 6. e4 Nxe4 7. Bd3 Nxc3 8. bxc3 d5 9. Ne5 0-0 10. Qh5 f5 11. 0-0 Qe8 12. Qe2 Nd7 13. Re1 Nxe5 14. Qxe5 Bd6 15. Qxe6+ Qxe6 16. Rxe6 Rae8 17. Rxe8 Rxe8 18. Bd2 g6 19. a4 c5 20. a5 cxd4 21. axb6 dxc3 22. Bxc3 axb6 23. Ra7 Re7 24. Kf1 Bc5 25. cxd5 Bxd5 26. Rxe7 Bxe7 27. f4 Bc6 28. Bc4+ Kf8 29. g3 b5 30. Bb3 b4 31. Bd4 Be8 32. Ke2 Bf7 33. Ba4 Ba2 34. Kd3 Kf7 35. Kc2 Bf6 36. Bc5 Bc3 37. Bb3+ Bxb3+ 38. Kxb3 Ke6 39. Kc4 Bd2 40. Bf2 Bc3 41. h3 Kd6 42. Bc5+ Kc6 43. Be3 Be1 44. g4 fxg4 45. hxg4 Kd6 46. Bd4 Ke6 47. Kd3 Kd5 48. f5 gxf5 49. gxf5 h5 50. f6 Ke6 51. Kc4 h4 52. Kd3 h3 53. Bg1 Kxf6 54. Ke2 Bc3 55. Kf3 b3 0-1

[Event "Krasnodar Winter Rating"]
[Site "Krasnodar"]
[Date "2009.02.08"]
[Round "3"]
[White "Airapetian, Valentin"]
[Black "Chigrinova, Alla"]
[Result "1-0"]
[WhiteElo "1934"]
[BlackElo "1680"]
[PlyCount "77"]
[EventDate "2009.02.08"]
[EventType "tourn"]
[EventRounds "13"]
[EventCountry "RUS"]
[SourceTitle "EXT 2022"]
[Source "ChessBase"]
[SourceDate "2021.10.06"]
[SourceVersion "1"]
[SourceVersionDate "2021.10.06"]
[SourceQuality "1"]

1. e4 e6 2. d4 d5 3. Nd2 dxe4 4. Nxe4 Bd7 5. Be3 Bc6 6. Qd3 Nf6 7. Nxf6+ Qxf6 8. 0-0-0 Bd6 9. Ne2 Nd7 10. h4 Qg6 11. Qd2 Bd5 12. Kb1 Nb6 13. Nf4 Bxf4 14. Bxf4 0-0-0 15. f3 Bc4 16. Bxc4 Nxc4 17. Qc3 Nd6 18. Rd2 Qf5 19. Be3 Qb5 20. b3 Nf5 21. Bf2 h5 22. Rhd1 Rd7 23. a4 Qa6 24. Kb2 Rhd8 25. g4 hxg4 26. fxg4 Nh6 27. Qf3 Qa5 28. c4 c6 29. Be3 Ng8 30. Qf4 Qc7 31. Qf2 Nf6 32. Qf3 a6 33. g5 Ng8 34. Qf2 Rf8 35. d5 exd5 36. cxd5 Rfd8 37. Bf4 Qa5 38. d6 f6 39. Qa7 1-0

[Event "Krasnodar Winter Rating"]
[Site "Krasnodar"]
[Date "2009.02.08"]
[Round "10"]
[White "Chigrinova, Alla"]
[Black "Bondarev, Boris"]
[Result "0-1"]
[WhiteElo "1680"]
[BlackElo "2092"]
[PlyCount "52"]
[EventDate "2009.02.08"]
[EventType "tourn"]
[EventRounds "13"]
[EventCountry "RUS"]
[SourceTitle "EXT 2022"]
[Source "ChessBase"]
[SourceDate "2021.10.06"]
[SourceVersion "1"]
[SourceVersionDate "2021.10.06"]
[SourceQuality "1"]

1. e4 e5 2. Nf3 Nc6 3. Nc3 f5 4. Bb5 Nf6 5. Qe2 Nd4 6. Nxd4 exd4 7. exf5+ Be7 8. Ne4 Nxe4 9. Qxe4 c6 10. Bd3 d5 11. Qxd4 0-0 12. 0-0 c5 13. Qe3 c4 14. Be2 Bg5 15. Qg3 Bh4 16. Qc3 b5 17. d4 Bxf5 18. Bf3 a5 19. Re1 b4 20. Qd2 Be4 21. Kh1 Rxf3 22. gxf3 Bxf3+ 23. Kg1 Qd6 24. Re5 h6 25. Kf1 Qg6 26. Rg5 Bxg5 0-1

[Event "Krasnodar"]
[Site "Krasnodar"]
[Date "2008.12.22"]
[Round "10"]
[White "Chigrinova, Marina"]
[Black "Chigrinova, Alla"]
[Result "1-0"]
[WhiteElo "1859"]
[BlackElo "1679"]
[PlyCount "53"]
[EventDate "2008.12.13"]
[EventType "tourn"]
[EventRounds "11"]
[EventCountry "RUS"]
[SourceTitle "CBM 128 Extra"]
[Source "ChessBase"]
[SourceDate "2009.03.05"]
[SourceVersion "2"]
[SourceVersionDate "2009.03.25"]
[SourceQuality "1"]

1. e4 e6 2. d4 d5 3. exd5 exd5 4. Nc3 Ne7 5. Bg5 c6 6. Bd3 Qc7 7. Nge2 Nf5 8. Qd2 Be7 9. Bxe7 Qxe7 10. 0-0-0 0-0 11. f3 Ne3 12. Rdg1 Re8 13. g4 Qf6 14. Rg3 h6 15. h4 Qd6 16. h5 f6 17. Rhg1 b5 18. f4 Nc4 19. Bxc4 bxc4 20. g5 hxg5 21. fxg5 f5 22. g6 Re7 23. h6 Qf6 24. Rh1 a5 25. hxg7 Qxg7 26. Rh7 Qf6 27. g7 1-0

[Event "Krasnodar"]
[Site "Krasnodar"]
[Date "2008.12.15"]
[Round "3"]
[White "Chigrinova, Alla"]
[Black "Sverkunov, Oleg"]
[Result "0-1"]
[WhiteElo "1679"]
[BlackElo "1921"]
[PlyCount "100"]
[EventDate "2008.12.13"]
[EventType "tourn"]
[EventRounds "11"]
[EventCountry "RUS"]
[SourceTitle "CBM 128 Extra"]
[Source "ChessBase"]
[SourceDate "2009.03.05"]
[SourceVersion "2"]
[SourceVersionDate "2009.03.25"]
[SourceQuality "1"]

1. e4 Nc6 2. Nf3 d5 3. exd5 Qxd5 4. Nc3 Qf5 5. d4 Nb4 6. Bb5+ c6 7. Ba4 Nf6 8. 0-0 Be6 9. a3 Nbd5 10. Bd2 Qh5 11. Ne5 Qxd1 12. Raxd1 Nb6 13. Rfe1 Nfd5 14. Bb3 g6 15. Nxd5 cxd5 16. Ba5 Bg7 17. Rd3 0-0 18. Rc3 Rac8 19. Rxc8 Nxc8 20. Bc7 Nd6 21. f3 Nb5 22. Ba5 Nxd4 23. Ba4 b5 24. Bc3 Bxe5 25. Rxe5 Nc6 26. Rxe6 fxe6 27. Bxb5 Rc8 28. Bd3 e5 29. Kf2 Kf7 30. Bb5 Ke6 31. h3 Nd4 32. Bd3 Nf5 33. g4 Nd4 34. Ke3 Rf8 35. Bxd4 exd4+ 36. Kf2 Ke5 37. Kg3 a5 38. b3 Rf6 39. a4 h6 40. Be2 Kd6 41. Bd3 e5 42. Kg2 Re6 43. Kf2 e4 44. fxe4 dxe4 45. Bc4 Rf6+ 46. Ke2 Ke5 47. Ke1 Rf3 48. Bf1 Kf4 49. Ke2 Kg3 50. Ke1 Rf2 0-1

[Event "Krasnodar"]
[Site "Krasnodar"]
[Date "2008.12.13"]
[Round "1"]
[White "Frolov, Oleg"]
[Black "Chigrinova, Alla"]
[Result "1-0"]
[WhiteElo "1757"]
[BlackElo "1679"]
[PlyCount "119"]
[EventDate "2008.12.13"]
[EventType "tourn"]
[EventRounds "11"]
[EventCountry "RUS"]
[SourceTitle "CBM 128 Extra"]
[Source "ChessBase"]
[SourceDate "2009.03.05"]
[SourceVersion "2"]
[SourceVersionDate "2009.03.25"]
[SourceQuality "1"]

1. e4 e6 2. d4 d5 3. e5 c5 4. Bb5+ Bd7 5. Bxd7+ Qxd7 6. c3 Nc6 7. Nf3 Nge7 8. 0-0 Nf5 9. Bg5 cxd4 10. cxd4 Be7 11. Bxe7 Qxe7 12. a3 0-0 13. Nc3 a6 14. g4 Nh4 15. Nxh4 Qxh4 16. f4 Ne7 17. Qf3 Rac8 18. Rad1 Rc4 19. Rd3 Rfc8 20. Qg2 Ng6 21. f5 exf5 22. Rxf5 Ne7 23. Rf1 Rd8 24. Qf3 Rf8 25. h3 Nc6 26. Qxd5 Rxd4 27. Rxd4 Nxd4 28. Kg2 Nc6 29. e6 Qe7 30. exf7+ Rxf7 31. Ne4 Kf8 32. Rxf7+ Qxf7 33. Qxf7+ Kxf7 34. Nd6+ Kf6 35. Nxb7 Ne5 36. b3 Nd3 37. h4 g5 38. h5 h6 39. b4 Nb2 40. Nc5 Nc4 41. a4 a5 42. b5 Nb6 43. Kf3 Ke5 44. Nb3 Nxa4 45. Nxa5 Kd5 46. Nc6 Ke6 47. Nd4+ Kd5 48. Nf5 Nc3 49. b6 Kc6 50. Nxh6 Kxb6 51. Nf7 Nd5 52. Nxg5 Ne7 53. Ke4 Kc6 54. Ke5 Ng8 55. Nf7 Kd7 56. h6 Nxh6 57. Nxh6 Ke7 58. Kf5 Kf8 59. Kg6 Ke7 60. Kg7 1-0